000 00364 a2200121 4500
001 ART_5511
005 20260410161616.0
008 260409a
245 1 0 _aEntidades con participación variable
100 1 _aCanetti, Miguel Marcelo
700 1 _aRodríguez de Ramírez, María del Carmen
773 0 _tEnfoques
_g- Nº 1 (ene. 2005)
_wREV416
999 _c11103
_d11103